[Event "FIDE WY-U16 Olympiad 2022"]
[Site "Nakhchivan"]
[Date "2022.10.09"]
[Round "8.14"]
[White "Pranesh M"]
[Black "Zhakshylykov, Erzhan"]
[Result "1-0"]
[WhiteElo "2442"]
[BlackElo "2260"]
[Annotator "TA"]
[PlyCount "99"]
[EventDate "2022.10.02"]
[EventType "team-tourn"]
[EventCountry "AZE"]
[SourceTitle "playchess.com"]
[Source "ChessBase"]
[SourceQuality "1"]
[WhiteTeam "India"]
[BlackTeam "Kyrgyzstan"]
[WhiteTeamCountry "IND"]
[BlackTeamCountry "KGZ"]

1. e4 e6 2. d4 d5 3. Nd2 c5 4. Ngf3 cxd4 5. exd5 Qxd5 6. Bc4 Qd6 7. O-O Nf6 8. Nb3 Nc6 9. Nbxd4 Nxd4 10. Nxd4 a6 11. c3 Qc7 12. Bb3 Bd6 13. h3 Bd7 14. Qf3 O-O-O 15. Bg5 Bh2+ 16. Kh1 Be5 17. Rad1 h6 18. Be3 Kb8 19. Rfe1 Bd6 20. Bc2 Bc8 21. Bc1 Ka8 22. a4 Nd5 23. Bb3 Bf4 24. Ne2 Bxc1 25. Rxc1 Nf6 26. Nd4 Rhe8 27. Kg1 e5 28. Nf5 e4 29. Qg3 Qxg3 30. Nxg3 Rd2 31. Rc2 Rxc2 32. Bxc2 Bd7 33. Kf1 Kb8 34. Rd1 Bc6 35. Nf5 Re5 36. Nd6 Bd5 37. Rd4 Kc7 38. Nc4 Bxc4+ 39. Rxc4+ Kd7 40. Ke2 h5 41. g3 h4 42. Ke3 hxg3 43. fxg3 Rh5 44. h4 g5 45. Bxe4 gxh4 46. Bf3 Re5+ 47. Kf4 Re1 48. gxh4 Rf1 49. Kg3 b6 50. Rb4 1-0

[Event "FIDE WY-U16 Olympiad 2022"]
[Site "Nakhchivan"]
[Date "2022.10.09"]
[Round "8.14"]
[White "Li, Yiheng"]
[Black "Savicevs, Arsenijs"]
[Result "0-1"]
[WhiteElo "1766"]
[BlackElo "1878"]
[Annotator "NA RC COMBH"]
[PlyCount "104"]
[EventDate "2022.10.02"]
[EventType "team-tourn"]
[EventCountry "AZE"]
[SourceTitle "playchess.com"]
[Source "ChessBase"]
[SourceQuality "1"]
[WhiteTeam "Hong Kong"]
[WhiteTeamCountry "HKG"]

1. e4 c5 2. Nf3 e6 3. d4 cxd4 4. Nxd4 Nf6 5. Nc3 Nc6 6. Nxc6 bxc6 7. e5 Nd5 8. Ne4 Bb7 9. c4 Nb4 10. f4 c5 11. Bd3 d5 12. exd6 Bxd6 13. Bb1 Be7 14. O-O f5 15. Nc3 Qd4+ 16. Qxd4 cxd4 17. Nd1 a5 18. Nf2 Rg8 19. a3 Na6 20. Nd3 g5 21. g3 h5 22. Re1 Nc7 23. fxg5 Bxg5 24. Bxg5 Rxg5 25. Nc5 Bc8 26. Re5 Rb8 27. b3 Kf7 28. Bc2 h4 29. Kf2 Na6 30. Nxa6 hxg3+ 31. hxg3 Bxa6 32. Rae1 Rh5 33. Ke2 Rh2+ 34. Kd3 Re8 35. Rxa5 Bb7 36. Bd1 Rd8 37. Re2 Be4+ 38. Kd2 Rdh8 39. Ra7+ Kf6 40. Rd7 e5 41. Rxh2 Rxh2+ 42. Ke1 Ke6 43. Ra7 d3 44. Ra6+ Kd7 45. Ra7+ Kd6 46. b4 d2+ 47. Kf1 Bd3+ 48. Kg1 Re2 49. c5+ Kc6 50. Ba4+ Bb5 51. Ra6+ Kc7 52. Ra7+ Kb8 0-1

[Event "FIDE WY-U16 Olympiad 2022"]
[Site "Nakhchivan"]
[Date "2022.10.09"]
[Round "8.15"]
[White "Iunusov, Nuriddin"]
[Black "Harshad S"]
[Result "0-1"]
[WhiteElo "1940"]
[BlackElo "2228"]
[Annotator "TA"]
[PlyCount "72"]
[EventDate "2022.10.02"]
[EventType "team-tourn"]
[EventCountry "AZE"]
[SourceTitle "playchess.com"]
[Source "ChessBase"]
[SourceQuality "1"]
[WhiteTeam "Kyrgyzstan"]
[BlackTeam "India"]
[WhiteTeamCountry "KGZ"]
[BlackTeamCountry "IND"]

1. e4 c5 2. c3 d5 3. exd5 Qxd5 4. d4 g6 5. Nf3 Bg7 6. dxc5 Qxc5 7. Be3 Qc7 8. Be2 Nh6 9. Nd4 Nc6 10. Nxc6 Qxc6 11. Na3 O-O 12. Bf3 Qc7 13. Nb5 Qa5 14. Bxh6 Bxh6 15. Qe2 a6 16. Nd4 e5 17. Nb3 Qc7 18. Bd5 Rd8 19. Rd1 a5 20. c4 Kh8 21. h4 Ra6 22. h5 Kg7 23. O-O gxh5 24. Qxh5 Rg6 25. Qe2 Bf4 26. g3 a4 27. Nc1 h5 28. Bg2 Bg4 29. f3 Bxg3 30. fxg4 Qb6+ 31. c5 Qxc5+ 32. Kh1 Rxd1 33. Rxd1 hxg4 34. Nd3 Rh6+ 35. Bh3 Rxh3+ 36. Kg2 Qc6+ 0-1

[Event "FIDE WY-U16 Olympiad 2022"]
[Site "Nakhchivan"]
[Date "2022.10.09"]
[Round "8.15"]
[White "Zajakins, Artjoms"]
[Black "Han, Xuqian Ben"]
[Result "1/2-1/2"]
[WhiteElo "1810"]
[BlackElo "1610"]
[Annotator "NA RC COMBH"]
[PlyCount "147"]
[EventDate "2022.10.02"]
[EventType "team-tourn"]
[EventCountry "AZE"]
[SourceTitle "playchess.com"]
[Source "ChessBase"]
[SourceQuality "1"]
[BlackTeam "Hong Kong"]
[BlackTeamCountry "HKG"]

1. d4 Nf6 2. c4 g6 3. Nc3 Bg7 4. e4 d6 5. Nf3 O-O 6. Be2 e5 7. O-O Nc6 8. Be3 exd4 9. Nxd4 Nxd4 10. Bxd4 Re8 11. f3 Be6 12. Qd2 Nd7 13. Bxg7 Kxg7 14. Rac1 f5 15. Rfe1 Nf6 16. exf5 Bxf5 17. Rcd1 Qe7 18. b4 a6 19. Qb2 Qe3+ 20. Kh1 Re5 21. Rf1 Rf8 22. f4 Ree8 23. Bf3 Qxf4 24. Bxb7 Qxc4 25. Rc1 Qd4 26. Na4 Qxb2 27. Rxc7+ Rf7 28. Rxf7+ Kxf7 29. Nxb2 Rb8 30. Bxa6 Rxb4 31. Nc4 Ke7 32. Ne3 Be6 33. Re1 Re4 34. Bd3 Re5 35. Bb1 Kd7 36. Nc2 Ne4 37. Kg1 Nc3 38. Rxe5 dxe5 39. Na3 Nxb1 40. Nxb1 Bxa2 41. Nd2 Bd5 42. Kf2 Ke6 43. Nf1 Be4 44. Ne3 Bd3 45. Kf3 Bf5 46. Ke2 h5 47. h4 Kd6 48. Nf1 Ke6 49. Ke3 Kf6 50. Nd2 g5 51. hxg5+ Kxg5 52. Nf3+ Kf6 53. Nd2 Bg6 54. Nf3 Be8 55. Nd2 Bc6 56. g3 Bd5 57. Nf1 Bg2 58. Nd2 Kf5 59. Kf2 Bd5 60. Nf1 Ke4 61. Nd2+ Kd3 62. Nf1 e4 63. Ne3 Be6 64. Ng2 Kd2 65. Ne3 Bg4 66. Nd5 Kd3 67. Ne3 Kd4 68. Ng2 Bf3 69. Ne3 Ke5 70. Nc4+ Kf5 71. Ne3+ Kg5 72. Kg1 h4 73. gxh4+ Kf4 74. Kf2 1/2-1/2

[Event "FIDE WY-U16 Olympiad 2022"]
[Site "Nakhchivan"]
[Date "2022.10.09"]
[Round "8.16"]
[White "Boramanikar Tanisha S"]
[Black "Berdibaeva, Edisa"]
[Result "1-0"]
[WhiteElo "1808"]
[BlackElo "1617"]
[Annotator "NA RC COMBH"]
[PlyCount "111"]
[EventDate "2022.10.02"]
[EventType "team-tourn"]
[EventCountry "AZE"]
[SourceTitle "playchess.com"]
[Source "ChessBase"]
[SourceQuality "1"]
[WhiteTeam "India"]
[BlackTeam "Kyrgyzstan"]
[WhiteTeamCountry "IND"]
[BlackTeamCountry "KGZ"]

1. e4 c5 2. c3 d5 3. exd5 Qxd5 4. d4 Nc6 5. Nf3 Bf5 6. Be2 Nf6 7. Be3 e6 8. O-O Rd8 9. Qa4 Ng4 10. Bg5 f6 11. Bh4 Qd7 12. Rd1 cxd4 13. cxd4 a6 14. Nc3 Nb4 15. Qxd7+ Rxd7 16. h3 Nh6 17. g4 Bc2 18. Rd2 g5 19. a3 gxh4 20. axb4 Bb3 21. b5 a5 22. Rxa5 Nf7 23. Bd3 Ng5 24. Nxg5 fxg5 25. Be4 Bg7 26. Ra3 Bd5 27. Bxd5 exd5 28. Na4 O-O 29. Nc5 Re7 30. Ra7 Rff7 31. b6 Rf6 32. Rxb7 Rxb7 33. Nxb7 Rxb6 34. Nc5 Rb4 35. Ne6 Bf6 36. Nc7 Rxd4 37. Rxd4 Bxd4 38. b4 Kf7 39. Nxd5 Ke8 40. Kg2 Kd7 41. Ne3 Kc6 42. Kf3 Kb5 43. Ke4 Bb6 44. Kf5 Bd8 45. Nd5 h6 46. Kg6 Kc4 47. Ne3+ Kd3 48. Nf5 Ke2 49. Nxh6 Kxf2 50. Nf7 Be7 51. b5 Bc5 52. Nxg5 Bb6 53. Kf5 Kg3 54. Ke4 Bd8 55. Nf3 Kxh3 56. g5 1-0

[Event "FIDE WY-U16 Olympiad 2022"]
[Site "Nakhchivan"]
[Date "2022.10.09"]
[Round "8.17"]
[White "Hidalgo Diaz, Daniel"]
[Black "Baranciuc, Alexandr"]
[Result "1-0"]
[WhiteElo "2315"]
[BlackElo "2121"]
[Annotator "TA"]
[PlyCount "103"]
[EventDate "2022.10.02"]
[EventType "team-tourn"]
[EventCountry "AZE"]
[SourceTitle "playchess.com"]
[Source "ChessBase"]
[SourceQuality "1"]
[WhiteTeam "Cuba"]
[BlackTeam "Moldova"]
[WhiteTeamCountry "CUB"]
[BlackTeamCountry "MDA"]

1. d4 d5 2. Nf3 Nf6 3. e3 c5 4. b3 cxd4 5. exd4 Bg4 6. Bd3 Nc6 7. Bb2 e6 8. O-O Be7 9. Nbd2 O-O 10. a3 Rc8 11. Re1 a6 12. Qb1 b5 13. c3 Qb6 14. b4 Bh5 15. Ne5 Bg6 16. f4 Bxd3 17. Qxd3 Rc7 18. a4 Ne8 19. Nb3 Nd6 20. Nc5 Nxe5 21. fxe5 Nc4 22. a5 Qa7 23. Bc1 Bxc5 24. dxc5 Qb7 25. Qd4 Qc8 26. Bg5 Qd7 27. Rf1 Rc6 28. Rad1 Qc7 29. Rde1 Nxe5 30. Bf4 f6 31. Bxe5 fxe5 32. Rxf8+ Kxf8 33. Rxe5 Qe7 34. Re3 Ke8 35. Rg3 Rc7 36. Qe5 Kd8 37. Rh3 h6 38. Rg3 Qf6 39. Qd6+ Rd7 40. Qb8+ Ke7 41. Rf3 Rd8 42. Qb7+ Rd7 43. Qa8 Rd8 44. Qxa6 Qe5 45. c6 Qb8 46. Qb7+ Qxb7 47. cxb7 Kd7 48. Rf7+ Kc6 49. a6 Kb6 50. Rd7 Re8 51. Re7 Rf8 52. Rxe6+ 1-0

[Event "FIDE WY-U16 Olympiad 2022"]
[Site "Nakhchivan"]
[Date "2022.10.09"]
[Round "8.17"]
[White "Teh, Rui Gen"]
[Black "Chen, Max"]
[Result "1/2-1/2"]
[WhiteElo "1824"]
[BlackElo "2154"]
[Annotator "TA"]
[PlyCount "101"]
[EventDate "2022.10.02"]
[EventType "team-tourn"]
[EventCountry "AZE"]
[SourceTitle "playchess.com"]
[Source "ChessBase"]
[SourceQuality "1"]
[WhiteTeam "Malaysia"]
[BlackTeam "Canada"]
[WhiteTeamCountry "MAS"]
[BlackTeamCountry "CAN"]

1. e4 c5 2. Nc3 d6 3. f4 g6 4. Nf3 Bg7 5. Bb5+ Bd7 6. a4 Nc6 7. d3 e6 8. e5 d5 9. O-O Nge7 10. Ne2 Nb8 11. Bxd7+ Nxd7 12. c3 Nc6 13. d4 a6 14. Be3 cxd4 15. Nexd4 Nxd4 16. Bxd4 h5 17. Qe2 Rc8 18. Nd2 Nb8 19. Qe3 Nc6 20. Bb6 Qd7 21. Rfd1 O-O 22. Qd3 Ne7 23. Nb3 Qc6 24. a5 Nf5 25. Rf1 Rfe8 26. Nd4 Nxd4 27. Bxd4 Qc4 28. Qxc4 Rxc4 29. Kf2 Bf8 30. Ke3 Rec8 31. Rfd1 Be7 32. g3 g5 33. Kd3 Kg7 34. Rf1 Kg6 35. fxg5 Bxg5 36. Rf3 R8c7 37. Raf1 Rd7 38. Rg1 Ra4 39. h4 Bh6 40. b4 Ra2 41. Rf2 Rxf2 42. Bxf2 f6 43. Re1 f5 44. Bd4 Rc7 45. Rb1 f4 46. gxf4 Kf5 47. Be3 Rc4 48. Rg1 Rc8 49. Rg2 Rd8 50. Rg1 Rc8 51. Rg2 1/2-1/2

[Event "FIDE WY-U16 Olympiad 2022"]
[Site "Nakhchivan"]
[Date "2022.10.09"]
[Round "8.18"]
[White "Cebotari, Stanislav"]
[Black "Gonzalez Soler, Leduard Manuel"]
[Result "1/2-1/2"]
[WhiteElo "2047"]
[BlackElo "2251"]
[Annotator "TA"]
[PlyCount "65"]
[EventDate "2022.10.02"]
[EventType "team-tourn"]
[EventCountry "AZE"]
[SourceTitle "playchess.com"]
[Source "ChessBase"]
[SourceQuality "1"]
[WhiteTeam "Moldova"]
[BlackTeam "Cuba"]
[WhiteTeamCountry "MDA"]
[BlackTeamCountry "CUB"]

1. Nf3 d5 2. g3 Nf6 3. Bg2 c5 4. d3 Nc6 5. O-O e5 6. e4 d4 7. a4 h6 8. Nbd2 Be6 9. Nc4 Qc7 10. Ne1 g5 11. f4 gxf4 12. gxf4 Bxc4 13. dxc4 Nd7 14. Nd3 O-O-O 15. Qh5 Bd6 16. Bh3 Kb8 17. Bxd7 Rxd7 18. f5 Nb4 19. Qe2 f6 20. Bd2 Rg7+ 21. Kh1 Rhg8 22. Nxb4 cxb4 23. Rg1 Bc5 24. Qd3 h5 25. Bh6 Rg4 26. h3 Rxg1+ 27. Rxg1 Qh7 28. Bd2 Rxg1+ 29. Kxg1 h4 30. Kf1 Qg7 31. Be1 Qg5 32. Bd2 Qg8 33. Be1 1/2-1/2

[Event "FIDE WY-U16 Olympiad 2022"]
[Site "Nakhchivan"]
[Date "2022.10.09"]
[Round "8.18"]
[White "Chen, Rachel Ruoxuan"]
[Black "Navaratnam, Ishaan Quan Tze"]
[Result "1-0"]
[WhiteElo "1805"]
[BlackElo "1862"]
[Annotator "NA RC COMBH"]
[PlyCount "65"]
[EventDate "2022.10.02"]
[EventType "team-tourn"]
[EventCountry "AZE"]
[SourceTitle "playchess.com"]
[Source "ChessBase"]
[SourceQuality "1"]
[WhiteTeam "Canada"]
[BlackTeam "Malaysia"]
[WhiteTeamCountry "CAN"]
[BlackTeamCountry "MAS"]

1. e4 c5 2. Nf3 Nc6 3. Bb5 g6 4. Bxc6 dxc6 5. d3 Bg7 6. h3 e5 7. Be3 b6 8. a4 a5 9. Nbd2 Ne7 10. Nc4 Qc7 11. b4 axb4 12. a5 bxa5 13. Bxc5 O-O 14. Bxb4 f5 15. Bxa5 Qb7 16. O-O fxe4 17. Nd6 Qd7 18. Nxe4 Nd5 19. Bd2 Rxa1 20. Qxa1 h6 21. Qd1 g5 22. Nh2 Nf4 23. Bxf4 exf4 24. Re1 Qf5 25. Nd6 Qc5 26. Nxc8 Rxc8 27. Qe2 Ra8 28. Ng4 h5 29. Qe6+ Kh8 30. Nh6 Qd5 31. Qg6 f3 32. Qxh5 fxg2 33. Nf5+ 1-0

[Event "FIDE WY-U16 Olympiad 2022"]
[Site "Nakhchivan"]
[Date "2022.10.09"]
[Round "8.19"]
[White "Hernandez Izquierdo, Jose A."]
[Black "Bargan, Victoria"]
[Result "1-0"]
[WhiteElo "2140"]
[BlackElo "1703"]
[Annotator "TA"]
[PlyCount "137"]
[EventDate "2022.10.02"]
[EventType "team-tourn"]
[EventCountry "AZE"]
[SourceTitle "playchess.com"]
[Source "ChessBase"]
[SourceQuality "1"]
[WhiteTeam "Cuba"]
[BlackTeam "Moldova"]
[WhiteTeamCountry "CUB"]
[BlackTeamCountry "MDA"]

1. e4 c6 2. d4 d5 3. exd5 cxd5 4. c4 Nf6 5. Nc3 g6 6. Nf3 Bg7 7. cxd5 O-O 8. Bc4 Nbd7 9. O-O Nb6 10. Qb3 Nxc4 11. Qxc4 e6 12. Bg5 exd5 13. Qb3 Kh8 14. Ne5 h6 15. Bxf6 Bxf6 16. Qxd5 Qxd5 17. Nxd5 Bxe5 18. dxe5 Bf5 19. Rfd1 Rad8 20. Ne3 Be6 21. b3 Rxd1+ 22. Rxd1 Rc8 23. f4 h5 24. Kf2 Kg8 25. Ke2 Kf8 26. Kd2 Ke7 27. Rc1 Rd8+ 28. Ke2 Rd7 29. g3 Kf8 30. Rd1 Rc7 31. Kd2 Ke7 32. Rc1 Rd7+ 33. Kc3 a6 34. Rd1 Rc7+ 35. Kb2 Rc6 36. Nc2 Bg4 37. Rd2 Be6 38. Nd4 Rc7 39. a4 Bg4 40. Ka3 Bd7 41. Rc2 Rxc2 42. Nxc2 Ke6 43. Ne3 f6 44. exf6 Kxf6 45. Kb4 Bc6 46. Kc5 Ke7 47. a5 Ke6 48. h3 Bf3 49. g4 h4 50. f5+ Kf6 51. fxg6 Kxg6 52. Kd4 Kg5 53. Ke5 Bh1 54. Nd1 Bg2 55. Nf2 Bxh3 56. Nxh3+ Kxg4 57. Nf4 Kg5 58. b4 Kg4 59. Ke4 Kg3 60. Ke3 Kg4 61. Ne6 Kg3 62. Ng5 Kg4 63. Ne4 Kf5 64. Nd6+ Ke5 65. Nxb7 Kd5 66. Nc5 Kc6 67. Nxa6 Kb5 68. Nc7+ Kc6 69. Ne6 1-0

[Event "FIDE WY-U16 Olympiad 2022"]
[Site "Nakhchivan"]
[Date "2022.10.09"]
[Round "8.19"]
[White "Emran, Muhammad Emir Rasyid"]
[Black "Zhao, Jeffrey Renfei"]
[Result "0-1"]
[WhiteElo "1634"]
[BlackElo "1807"]
[Annotator "NA RC COMBH"]
[PlyCount "132"]
[EventDate "2022.10.02"]
[EventType "team-tourn"]
[EventCountry "AZE"]
[SourceTitle "playchess.com"]
[Source "ChessBase"]
[SourceQuality "1"]
[WhiteTeam "Malaysia"]
[BlackTeam "Canada"]
[WhiteTeamCountry "MAS"]
[BlackTeamCountry "CAN"]

1. e4 c5 2. Nf3 d6 3. Bb5+ Bd7 4. Bxd7+ Nxd7 5. O-O Ngf6 6. Qe2 Rc8 7. c3 e6 8. d4 cxd4 9. cxd4 d5 10. e5 Ng8 11. Nc3 Ne7 12. Bg5 Qb6 13. Rac1 Qa6 14. Qxa6 bxa6 15. Na4 Nc6 16. Rc2 Nb6 17. Rfc1 Kd7 18. Nc5+ Bxc5 19. Rxc5 Na4 20. R5c2 Nb4 21. Rxc8 Rxc8 22. Rxc8 Kxc8 23. b3 Nc3 24. a4 Nc2 25. Kf1 Na1 26. Nd2 Kd7 27. f4 Kc6 28. Be7 Ne4 29. Nxe4 dxe4 30. b4 Nc2 31. Bc5 Kd5 32. Bxa7 Nxb4 33. Ke2 Nc6 34. Bb6 Nxd4+ 35. Ke3 Nc2+ 36. Kd2 Na3 37. Kc3 Nc4 38. Ba7 Na5 39. g3 Nb7 40. Kb4 e3 41. Bxe3 Ke4 42. Bb6 Kf3 43. Kc3 Kg2 44. Kd2 Kxh2 45. Bf2 Kg2 46. Ke2 h5 47. Be1 Nc5 48. Ke3 Nxa4 49. Kd4 Kf3 50. Kd3 Nc5+ 51. Kd4 Ne4 52. f5 Nxg3 53. fxe6 fxe6 54. Kc5 h4 55. Kd6 h3 56. Kxe6 h2 57. Kf7 h1=Q 58. e6 Qxe1 59. e7 Nf5 60. e8=Q Nd6+ 61. Kg8 Qxe8+ 62. Kh7 g5 63. Kh6 Qg8 64. Kh5 g4 65. Kh4 Nf7 66. Kh5 Qg5# 0-1

[Event "FIDE WY-U16 Olympiad 2022"]
[Site "Nakhchivan"]
[Date "2022.10.09"]
[Round "8.20"]
[White "Sustov, Savva"]
[Black "Caballero Ramos, Greter"]
[Result "1/2-1/2"]
[WhiteElo "1957"]
[BlackElo "1912"]
[Annotator "TA"]
[PlyCount "167"]
[EventDate "2022.10.02"]
[EventType "team-tourn"]
[EventCountry "AZE"]
[SourceTitle "playchess.com"]
[Source "ChessBase"]
[SourceQuality "1"]
[WhiteTeam "Moldova"]
[BlackTeam "Cuba"]
[WhiteTeamCountry "MDA"]
[BlackTeamCountry "CUB"]

1. e4 e6 2. d4 d5 3. e5 c5 4. c3 Qb6 5. Nf3 Nc6 6. a3 Nh6 7. b4 cxd4 8. cxd4 Nf5 9. Bb2 Bd7 10. Be2 Be7 11. O-O O-O 12. Qd2 h6 13. Rd1 Rac8 14. Nc3 Qd8 15. Rac1 a6 16. Bd3 Nh4 17. Nxh4 Bxh4 18. Bc2 Kh8 19. Na4 Be7 20. Nc5 Rc7 21. Rb1 Bc8 22. Bc1 Bg5 23. f4 Be7 24. Qd3 g6 25. f5 exf5 26. Bxh6 Re8 27. Qh3 Kg8 28. Bf4 Bg5 29. Bxg5 Qxg5 30. Bb3 b6 31. Na4 b5 32. Nc5 Ne7 33. Qf3 Rd8 34. Rbc1 Rc6 35. Rc3 Kg7 36. Qf2 Rh8 37. Rg3 Qh4 38. h3 f4 39. Rf3 Qxf2+ 40. Rxf2 g5 41. Ra2 Rb6 42. Kf2 Rd8 43. Bc2 Nc6 44. Rb2 Kh6 45. Nb3 Be6 46. Kf3 Rc8 47. Bd3 Rbb8 48. Kf2 Rc7 49. Be2 Ne7 50. Nc5 Rc6 51. Ra2 Nf5 52. a4 Ne3 53. Rdd2 Nc4 54. Rdc2 Ne3 55. Rc3 bxa4 56. Rxa4 Rbb6 57. Rc1 Bf5 58. Bxa6 Bc2 59. Ra2 Rxb4 60. Raxc2 Nxc2 61. Rxc2 Rxd4 62. Rc1 Rd2+ 63. Be2 Kg6 64. Kf3 Ra2 65. Nd3 Rxc1 66. Nxc1 Ra4 67. Bd3+ Kh6 68. Bf5 Ra3+ 69. Nd3 Rc3 70. Ke2 Ra3 71. e6 fxe6 72. Bxe6 d4 73. Bf5 Kg7 74. Kf3 Kf6 75. Be4 Rb3 76. h4 gxh4 77. Kxf4 Rb8 78. Ne1 Rg8 79. Bf3 Re8 80. Nd3 Re3 81. Nf2 Ra3 82. Kg4 Ke5 83. Kxh4 Kf4 84. Nd1 1/2-1/2

[Event "FIDE WY-U16 Olympiad 2022"]
[Site "Nakhchivan"]
[Date "2022.10.09"]
[Round "8.20"]
[White "Jiang, Kate Yuhua"]
[Black "Thamil Manni, Swetha"]
[Result "1-0"]
[WhiteElo "1649"]
[BlackElo "1428"]
[Annotator "NA RC COMBH"]
[PlyCount "137"]
[EventDate "2022.10.02"]
[EventType "team-tourn"]
[EventCountry "AZE"]
[SourceTitle "playchess.com"]
[Source "ChessBase"]
[SourceQuality "1"]
[WhiteTeam "Canada"]
[BlackTeam "Malaysia"]
[WhiteTeamCountry "CAN"]
[BlackTeamCountry "MAS"]

1. e4 e5 2. Nf3 Nc6 3. Bb5 a6 4. Ba4 Nf6 5. O-O b5 6. Bb3 Bc5 7. Re1 d6 8. c3 O-O 9. h3 h6 10. d4 Ba7 11. a4 Bd7 12. Na3 exd4 13. cxd4 Ne7 14. axb5 axb5 15. Qd3 c6 16. Bf4 Bb8 17. g4 d5 18. e5 Ne4 19. Nd2 Nxd2 20. Bxd2 Ng6 21. Bb4 Re8 22. Nc2 Ba7 23. Ra6 Bb6 24. Rxa8 Qxa8 25. Kh2 Qb7 26. Kg3 Bd8 27. Rf1 Bh4+ 28. Kh2 Bg5 29. Ne1 Bf4+ 30. Kg1 Nh4 31. Ng2 Nxg2 32. Kxg2 Qc8 33. Bc2 g6 34. Qf3 Bg5 35. Qg3 Qd8 36. f4 Bh4 37. Qf3 Be7 38. Bxe7 Qxe7 39. f5 gxf5 40. gxf5 Qg5+ 41. Kh1 Kh8 42. Rg1 Qd2 43. Qg3 Qg5 44. Qxg5 hxg5 45. Rxg5 Rg8 46. h4 Rxg5 47. hxg5 Kg8 48. b4 Kf8 49. Kh2 Kg8 50. Kg3 Kf8 51. Kh4 Kg8 52. Kh5 Be8 53. Kh6 Bd7 54. g6 fxg6 55. fxg6 Be6 56. g7 Kf7 57. Bh7 Ke7 58. g8=Q Bxg8 59. Bxg8 Kd7 60. Kg6 Ke7 61. Bf7 c5 62. bxc5 b4 63. Bxd5 b3 64. Bxb3 Kd7 65. e6+ Ke7 66. d5 Ke8 67. d6 Kd8 68. e7+ Ke8 69. Ba4# 1-0

[Event "FIDE WY-U16 Olympiad 2022"]
[Site "Nakhchivan"]
[Date "2022.10.09"]
[Round "8.21"]
[White "Tarhan, Adar"]
[Black "Davudov, Tunar"]
[Result "*"]
[WhiteElo "2320"]
[BlackElo "2043"]
[Annotator "TA"]
[PlyCount "89"]
[EventDate "2022.10.02"]
[EventType "team-tourn"]
[EventCountry "AZE"]
[SourceTitle "playchess.com"]
[Source "ChessBase"]
[SourceQuality "1"]
[WhiteTeam "Turkey"]
[BlackTeam "Azerbaijan"]
[WhiteTeamCountry "TUR"]
[BlackTeamCountry "AZE"]

1. e4 c5 2. Nf3 e6 3. d4 cxd4 4. Nxd4 a6 5. Bd3 Nf6 6. c4 d6 7. Nc3 Be7 8. O-O O-O 9. Qe2 Qc7 10. Bd2 Nc6 11. Nxc6 bxc6 12. f4 e5 13. f5 Bb7 14. Kh1 Rad8 15. Rad1 a5 16. Qe1 Kh8 17. Rf3 h6 18. Rh3 Rd7 19. Be2 d5 20. exd5 cxd5 21. cxd5 Nxd5 22. Nxd5 Rxd5 23. Bxh6 gxh6 24. Rxd5 Bxd5 25. Qd2 Bxg2+ 26. Kxg2 Qc6+ 27. Bf3 Rg8+ 28. Kh1 Bg5 29. Bxc6 Bxd2 30. Bd5 Kg7 31. Rg3+ Kf8 32. Rd3 Bb4 33. Bb3 Ke7 34. f6+ Kxf6 35. Rf3+ Kg7 36. Rxf7+ Kg6 37. Rf2 Rd8 38. Bc2+ Kg5 39. Rf5+ Kg4 40. Rxe5 Rd2 41. Re4+ Kh3 42. Re3+ Kg4 43. h3+ Kf4 44. Re4+ Kg3 45. Re3+ *

[Event "FIDE WY-U16 Olympiad 2022"]
[Site "Nakhchivan"]
[Date "2022.10.09"]
[Round "8.21"]
[White "Wiratunga, Jenith"]
[Black "Levitan, Judah Nathan"]
[Result "1-0"]
[WhiteElo "1824"]
[BlackElo "1725"]
[Annotator "NA RC COMBH"]
[PlyCount "84"]
[EventDate "2022.10.02"]
[EventType "team-tourn"]
[EventCountry "AZE"]
[SourceTitle "playchess.com"]
[Source "ChessBase"]
[SourceQuality "1"]
[WhiteTeam "Sri Lanka"]
[BlackTeam "South Africa"]
[WhiteTeamCountry "SRI"]
[BlackTeamCountry "RSA"]

1. Nf3 d5 2. c4 e6 3. b3 Nf6 4. g3 c5 5. Bg2 Nc6 6. O-O Be7 7. e3 O-O 8. Bb2 Qc7 9. Qe2 Rd8 10. cxd5 exd5 11. d4 cxd4 12. Nxd4 Nxd4 13. Bxd4 Bf5 14. Nc3 Qa5 15. a3 Rd7 16. b4 Qd8 17. Rfd1 Rc8 18. Ra2 Ne4 19. Nxe4 dxe4 20. Rad2 h6 21. h3 b6 22. Kh2 Bf6 23. Qb5 Rxd4 24. Rxd4 Bxd4 25. Qxf5 g6 26. Qxe4 Qf6 27. exd4 a5 28. Qf3 Qe7 29. bxa5 bxa5 30. d5 Qd6 31. Rd3 g5 32. Qf5 Rc1 33. Re3 Kf8 34. Qh7 Qf6 35. Rf3 Qg7 36. Qxg7+ Kxg7 37. Rd3 Rc8 38. d6 Kf8 39. d7 Rd8 40. Bc6 Ke7 41. Re3+ Kd6 42. Re8 Kc7 1-0

[Event "FIDE WY-U16 Olympiad 2022"]
[Site "Nakhchivan"]
[Date "2022.10.09"]
[Round "8.22"]
[White "Israilov, Agil"]
[Black "Akin, Yagiz Cinar"]
[Result "1/2-1/2"]
[WhiteElo "1883"]
[BlackElo "2249"]
[Annotator "TA"]
[PlyCount "71"]
[EventDate "2022.10.02"]
[EventType "team-tourn"]
[EventCountry "AZE"]
[SourceTitle "playchess.com"]
[Source "ChessBase"]
[SourceQuality "1"]
[WhiteTeam "Azerbaijan"]
[BlackTeam "Turkey"]
[WhiteTeamCountry "AZE"]
[BlackTeamCountry "TUR"]

1. e4 e5 2. Nf3 Nc6 3. Bb5 a6 4. Ba4 Nf6 5. O-O Nxe4 6. Re1 Nc5 7. Bxc6 dxc6 8. Nxe5 Be7 9. d4 Ne6 10. c3 O-O 11. Na3 Re8 12. Nc2 Nf8 13. Bf4 Be6 14. Qf3 f6 15. Nd3 Bd6 16. Ne3 Ng6 17. Bxd6 cxd6 18. Nf4 Nxf4 19. Qxf4 Qd7 20. Re2 Bf7 21. Rae1 Bg6 22. Qg3 d5 23. Ng4 Rxe2 24. Rxe2 Kf8 25. Qf4 Kg8 26. h3 Bh5 27. Qg3 Bxg4 28. Qxg4 Qxg4 29. hxg4 Kf7 30. f3 a5 31. Kf2 b5 32. a3 a4 33. Re3 Rh8 34. Re2 Rd8 35. Re3 Rh8 36. Re2 1/2-1/2

[Event "FIDE WY-U16 Olympiad 2022"]
[Site "Nakhchivan"]
[Date "2022.10.09"]
[Round "8.22"]
[White "Nwedo, Khodani"]
[Black "Kiriella, K G T S D"]
[Result "0-1"]
[WhiteElo "1356"]
[BlackElo "1907"]
[Annotator "TA"]
[PlyCount "86"]
[EventDate "2022.10.02"]
[EventType "team-tourn"]
[EventCountry "AZE"]
[SourceTitle "playchess.com"]
[Source "ChessBase"]
[SourceQuality "1"]
[WhiteTeam "South Africa"]
[BlackTeam "Sri Lanka"]
[WhiteTeamCountry "RSA"]
[BlackTeamCountry "SRI"]

1. d4 Nf6 2. c4 e6 3. Nc3 Bb4 4. f3 c5 5. d5 O-O 6. e4 Re8 7. Nge2 d6 8. a3 Ba5 9. Bd2 a6 10. Ng3 b5 11. Be2 bxc4 12. Bxc4 Nbd7 13. dxe6 fxe6 14. O-O Ne5 15. Be2 Nc6 16. Be3 Nd4 17. Kh1 Nxe2 18. Ngxe2 Rb8 19. Rb1 Qe7 20. Bf4 Bc7 21. Qd2 Bb7 22. Bg5 h6 23. Bf4 d5 24. exd5 exd5 25. Bxc7 Qxc7 26. b4 c4 27. Nf4 d4 28. Nce2 d3 29. Nc3 g5 30. Nh3 Re6 31. a4 Rbe8 32. b5 a5 33. Rbc1 Qc5 34. Qa2 Qd4 35. Qd2 Qe3 36. Ne4 Rxe4 37. Qxe3 Rxe3 38. Rxc4 Re1 39. Kg1 d2 40. Rd4 Rxf1+ 41. Kxf1 Re1+ 42. Kf2 d1=Q 43. Rxd1 Rxd1 0-1

[Event "FIDE WY-U16 Olympiad 2022"]
[Site "Nakhchivan"]
[Date "2022.10.09"]
[Round "8.23"]
[White "Yavuz, Efe Metehan"]
[Black "Alizada, Pasham"]
[Result "1-0"]
[WhiteElo "2223"]
[BlackElo "1664"]
[Annotator "TA"]
[PlyCount "95"]
[EventDate "2022.10.02"]
[EventType "team-tourn"]
[EventCountry "AZE"]
[SourceTitle "playchess.com"]
[Source "ChessBase"]
[SourceQuality "1"]
[WhiteTeam "Turkey"]
[BlackTeam "Azerbaijan"]
[WhiteTeamCountry "TUR"]
[BlackTeamCountry "AZE"]

1. d4 Nf6 2. c4 g6 3. g3 Bg7 4. Bg2 d5 5. cxd5 Nxd5 6. e4 Nb6 7. Ne2 c5 8. d5 O-O 9. O-O e6 10. Nbc3 Na6 11. h3 h5 12. Nf4 e5 13. Nd3 Nc4 14. a4 Bd7 15. Nb5 Qb6 16. b3 Nd6 17. Nxd6 Qxd6 18. Re1 h4 19. g4 Rfc8 20. Nb2 Nb4 21. Nc4 Qe7 22. Be3 b6 23. Qd2 Rab8 24. Bf1 Re8 25. Rac1 f5 26. f3 fxe4 27. fxe4 Rf8 28. Be2 Bf6 29. Rf1 g5 30. a5 b5 31. Nd6 Na6 32. Nf5 Qd8 33. Rf2 Kh7 34. Rcf1 Kg6 35. Nxh4+ gxh4 36. g5 Bg7 37. Rxf8 Bxf8 38. Rf6+ Kg7 39. Rxa6 c4 40. Rxa7 c3 41. Qxc3 Rc8 42. Qxe5+ Kg8 43. Bd4 Rc1+ 44. Kf2 Rc2 45. Qh8+ Kf7 46. Qh7+ Ke8 47. Qg6+ Ke7 48. Qe6# 1-0